000 00825nam a22002291 4500
001 33545
003 BD-RjUL
005 20211209052027.0
008 160831s1997 bg a 001 0 ben d
020 _a9840501755
035 _a(BD-RjUL)33636
040 _aDLC
_cDLC
_dDLC
_dBD-RjUL
_bben
041 _aben
082 0 0 _a954.9205
_bGUI 1997
100 _aগুপ্ত, সন্তোষ
_9121441
245 _aইতিহাস আমাদের দিকে /
_cসন্তোষ গুপ্ত
260 _aঢাকা :
_bদি ইউনিভার্সিটি প্রেস লিমিটেড,
_c১৯৯৭
300 _axi, ১৭৯ পৃ. ,
_c২২ সেমি.
650 _aবাংলাদেশ
_vইতিহাস
_9153801
650 _aBangladesh
_vHistory
_9153802
942 _2ddc
_cBK
999 _c33545
_d33545